[Event "Najdorf Memorial B"]
[Site "Warsaw POL"]
[Date "2021.07.10"]
[Round "1.23"]
[White "Kalvaitis, Gintautas"]
[Black "Swacha, Witold"]
[Result "1-0"]
[WhiteElo "1592"]
[BlackElo "1159"]
[EventDate "2021.07.10"]
[PlyCount "43"]
[BlackTitle "III"]

1.e4 e6 2.b3 d5 3.Bb2 dxe4 4.Nc3 f5 5.f3 exf3 6.Nxf3 Nf6 7.Bd3 Bc5 8.Qe2 Qe7 
9.O-O-O Nc6 10.Rde1 h6 11.Nh4 Nd4 12.Qf1 Kf7 13.Nxf5 Nxf5 14.Bxf5 e5 15.Qc4+ 
Kf8 16.Rhf1 Bd6 17.Nd5 Qf7 18.Bxe5 Bxf5 19.Bxd6+ cxd6 20.Rxf5 Qg6 21.Rf2 Kf7 
22.Nxf6+ 1-0

[Event "Najdorf Memorial B"]
[Site "Warsaw POL"]
[Date "2021.07.10"]
[Round "1.24"]
[White "Przybysz, Krzysztof"]
[Black "Kaczmarek, Tomasz"]
[Result "0-1"]
[WhiteElo "1154"]
[BlackElo "1586"]
[EventDate "2021.07.10"]
[PlyCount "92"]
[BlackTitle "II+"]
[WhiteTitle "II"]

1.e4 c5 2.Nf3 Nc6 3.d4 cxd4 4.Nxd4 Nf6 5.Nc3 e5 6.Ndb5 d6 7.Bg5 a6 8.Na3 b5 
9.Bxf6 gxf6 10.Nd5 f5 11.Bd3 f4 12.c3 Be7 13.Qh5 Be6 14.Nc2 Rb8 15.Ncb4 Nxb4 
16.cxb4 Qc8 17.Kd2 Qb7 18.Nxe7 Qxe7 19.Rhc1 Qa7 20.Qf3 Qd4 21.Rc3 Qxb4 22.b3 
Rc8 23.Rc1 Kd7 24.Qd1 Rxc3 25.Rxc3 Rc8 26.Qc2 Rc5 27.a3 Qxa3 28.Rxc5 Qxc5 
29.Qxc5 dxc5 30.g3 fxg3 31.hxg3 Bxb3 32.Kc3 Be6 33.f4 f6 34.Bc2 Kc6 35.f5 Bf7 
36.g4 h6 37.Bd1 a5 38.Bc2 a4 39.Bd1 a3 40.Kc2 b4 41.Kb1 c4 42.Ba4+ Kc5 43.Bd7 
b3 44.Ka1 c3 45.g5 a2 46.Bc6 b2# {Black mates} 0-1

[Event "Najdorf Memorial B"]
[Site "Warsaw POL"]
[Date "2021.07.10"]
[Round "1.25"]
[White "Jaroszuk, Marcin"]
[Black "Kwiatkowski, Szymon"]
[Result "1-0"]
[WhiteElo "1571"]
[BlackElo "1152"]
[EventDate "2021.07.10"]
[PlyCount "37"]
[BlackTitle "III"]
[WhiteTitle "I+"]

1.Nf3 d5 2.g3 c6 3.Bg2 Bf5 4.O-O Nf6 5.d4 e6 6.c4 Nbd7 7.Nc3 Bd6 8.Nd2 O-O 9.e4 
Bg6 10.e5 Nxe5 11.dxe5 Bxe5 12.cxd5 cxd5 13.Nf3 Bd6 14.Re1 Rc8 15.h3 h6 16.Be3 
Bb4 17.Qb3 Qe7 18.Rac1 Bd6 19.Nb5 1-0

[Event "Najdorf Memorial B"]
[Site "Warsaw POL"]
[Date "2021.07.10"]
[Round "1.26"]
[White "Nozynski, Stanislaw"]
[Black "Rzenca, Jerzy"]
[Result "0-1"]
[WhiteElo "1150"]
[BlackElo "1569"]
[EventDate "2021.07.10"]
[PlyCount "121"]
[BlackTitle "I"]
[WhiteTitle "II"]

1.d4 d5 2.c4 c6 3.Nf3 Nf6 4.Nc3 dxc4 5.a4 Bf5 6.e3 e6 7.Bxc4 Bb4 8.O-O O-O 
9.Qe2 Nbd7 10.Bd2 Bg6 11.Rfe1 Bh5 12.e4 e5 13.d5 c5 14.Bd3 Ne8 15.h3 a6 16.g4 
Bg6 17.Na2 Bxd2 18.Nxd2 Nd6 19.Nc3 Rc8 20.f4 exf4 21.e5 Nxe5 22.Qxe5 Bxd3 
23.Qxf4 c4 24.Nf3 Qb6+ 25.Qd4 Qxd4+ 26.Nxd4 Rfe8 27.Kf2 Ne4+ 28.Kf3 Nxc3 
29.bxc3 Kf8 30.Nf5 Bxf5 31.gxf5 Rc5 32.Rxe8+ Kxe8 33.Ke4 Kd7 34.Rb1 b5 35.axb5 
Rxb5 36.Ra1 a5 37.Ke5 f6+ 38.Kd4 Kd6 39.Kxc4 Rxd5 40.Rf1 Rc5+ 41.Kb3 Ke5 42.Rg1 
Rc7 43.Ra1 Ra7 44.Rf1 a4+ 45.Ka3 Rc7 46.Kxa4 Rxc3 47.Rg1 Rxh3 48.Rxg7 Kxf5 
49.Rg2 h5 50.Rf2+ Kg5 51.Rg2+ Kf4 52.Rf2+ Rf3 53.Rh2 Kg4 54.Rg2+ Rg3 55.Rf2 f5 
56.Kb4 h4 57.Kc4 h3 58.Kd4 Rg2 59.Rf1 h2 60.Rh1 Kg3 61.Ke3 0-1

[Event "Najdorf Memorial B"]
[Site "Warsaw POL"]
[Date "2021.07.11"]
[Round "2.1"]
[White "Jazdzyk, Jakub"]
[Black "Michalowski, Patryk"]
[Result "1-0"]
[WhiteElo "1437"]
[BlackElo "1770"]
[EventDate "2021.07.10"]
[PlyCount "109"]
[LiveChessVersion "1.4.8"]

1.c4 {[%clk 1:30:59]} 1...e5 {[%clk 1:30:52]} 2.Nc3 {[%clk 1:31:23]} 2...Nf6 
{[%clk 1:31:09]} 3.g3 {[%clk 1:31:42]} 3...d5 {[%clk 1:31:03]} 4.cxd5 {[%clk
1:31:43]} 4...Nxd5 {[%clk 1:31:27]} 5.Bg2 {[%clk 1:32:04]} 5...Nb6 {[%clk
1:31:49]} 6.Nf3 {[%clk 1:31:51]} 6...Nc6 {[%clk 1:32:08]} 7.O-O {[%clk 1:31:46]} 
7...Be7 {[%clk 1:32:11]} 8.d3 {[%clk 1:30:59]} 8...O-O {[%clk 1:32:26]} 9.Be3 
{[%clk 1:28:19]} 9...Be6 {[%clk 1:31:30]} 10.Ne4 {[%clk 1:20:48]} 10...Nd5 
{[%clk 1:22:05]} 11.Nc5 {[%clk 1:09:45]} 11...Bc8 {[%clk 1:22:15]} 12.Rc1 
{[%clk 1:04:44]} 12...Nxe3 {[%clk 1:15:32]} 13.fxe3 {[%clk 1:05:03]} 13...Bxc5 
{[%clk 0:57:34]} 14.Rxc5 {[%clk 1:05:20]} 14...Qd6 {[%clk 0:57:37]} 15.Qc2 
{[%clk 0:53:36]} 15...Bg4 {[%clk 0:54:23]} 16.Ng5 {[%clk 0:38:06]} 16...Qh6 
{[%clk 0:47:30]} 17.h4 {[%clk 0:31:54]} 17...f6 {[%clk 0:39:14]} 18.Qc4+ {[%clk
0:31:10]} 18...Kh8 {[%clk 0:39:32]} 19.Qxg4 {[%clk 0:26:58]} 19...fxg5 {[%clk
0:39:46]} 20.hxg5 {[%clk 0:24:19]} 20...Rxf1+ {[%clk 0:39:31]} 21.Kxf1 {[%clk
0:24:22]} 21...Rf8+ {[%clk 0:36:31]} 22.Kg1 {[%clk 0:22:10]} 22...Qd6 {[%clk
0:36:37]} 23.Rd5 {[%clk 0:21:59]} 23...Qg6 {[%clk 0:33:57]} 24.Be4 {[%clk
0:21:47]} 24...Qf7 {[%clk 0:33:48]} 25.Bf3 {[%clk 0:20:12]} 25...Qe7 {[%clk
0:30:01]} 26.Rd7 {[%clk 0:18:49]} 26...Qc5 {[%clk 0:29:51]} 27.Kf2 {[%clk
0:18:48]} 27...e4 {[%clk 0:20:36]} 28.Qxe4 {[%clk 0:17:15]} 28...Qxg5 {[%clk
0:16:29]} 29.Rf7 {[%clk 0:15:37]} 29...Qd8 {[%clk 0:14:55]} 30.Qf4 {[%clk
0:14:27]} 30...Rxf7 {[%clk 0:15:11]} 31.Qxf7 {[%clk 0:14:51]} 31...Ne5 {[%clk
0:14:34]} 32.Qd5 {[%clk 0:14:10]} 32...Ng4+ {[%clk 0:12:35]} 33.Ke1 {[%clk
0:13:32]} 33...Qxd5 {[%clk 0:12:56]} 34.Bxd5 {[%clk 0:13:54]} 34...c6 {[%clk
0:12:47]} 35.Be6 {[%clk 0:12:28]} 35...Nxe3 {[%clk 0:12:42]} 36.a4 {[%clk
0:09:33]} 36...g5 {[%clk 0:11:27]} 37.g4 {[%clk 0:08:34]} 37...Kg7 {[%clk
0:09:23]} 38.Kd2 {[%clk 0:08:28]} 38...Ng2 {[%clk 0:09:33]} 39.Bc8 {[%clk
0:07:27]} 39...b6 {[%clk 0:09:09]} 40.Bb7 {[%clk 0:07:37]} 40...Kf6 {[%clk
0:09:05]} 41.Bxc6 {[%clk 0:07:49]} 41...Nf4 {[%clk 0:09:26]} 42.e3 {[%clk
0:06:56]} 42...Ng6 {[%clk 0:08:56]} 43.d4 {[%clk 0:06:43]} 43...Ke6 {[%clk
0:08:50]} 44.Be4 {[%clk 0:06:26]} 44...Ne7 {[%clk 0:06:17]} 45.Bxh7 {[%clk
0:06:06]} 45...Kd6 46.b4 {[%clk 0:05:46]} 46...Nd5 {[%clk 0:06:27]} 47.b5 
{[%clk 0:05:33]} 47...Nc7 {[%clk 0:06:11]} 48.e4 {[%clk 0:05:13]} 48...a6 
{[%clk 0:06:03]} 49.bxa6 {[%clk 0:05:06]} 49...Nxa6 {[%clk 0:06:29]} 50.Kc3 
{[%clk 0:05:17]} 50...Nc7 {[%clk 0:06:13]} 51.Bg8 {[%clk 0:04:58]} 51...Ne8 
{[%clk 0:06:29]} 52.Kc4 {[%clk 0:05:12]} 52...Kc7 {[%clk 0:06:10]} 53.e5 {[%clk
0:05:28]} 53...Ng7 {[%clk 0:06:17]} 54.d5 {[%clk 0:05:31]} 54...Ne8 {[%clk
0:06:37]} 55.Kb5 {[%clk 0:05:39]} 1-0

[Event "Najdorf Memorial B"]
[Site "Warsaw POL"]
[Date "2021.07.11"]
[Round "2.2"]
[White "Rejniak, Zuzanna"]
[Black "Jaszczuk, Piotr"]
[Result "1-0"]
[WhiteElo "1768"]
[BlackElo "1424"]
[EventDate "2021.07.10"]
[PlyCount "83"]
[LiveChessVersion "1.4.8"]

1.e4 {[%clk 1:30:58]} 1...c5 {[%clk 1:30:54]} 2.Nf3 {[%clk 1:31:25]} 2...e6 
{[%clk 1:31:18]} 3.d4 {[%clk 1:31:51]} 3...cxd4 {[%clk 1:31:11]} 4.Nxd4 {[%clk
1:32:18]} 4...a6 {[%clk 1:31:32]} 5.c4 {[%clk 1:31:59]} 5...Qc7 {[%clk 1:32:18]} 
6.Nc3 {[%clk 1:32:13]} 6...b6 {[%clk 1:32:24]} 7.Be3 {[%clk 1:18:04]} 7...Bb7 
{[%clk 1:31:31]} 8.Bd3 {[%clk 1:14:36]} 8...Nf6 {[%clk 1:31:42]} 9.f4 {[%clk
1:12:47]} 9...h5 {[%clk 1:28:25]} 10.h3 {[%clk 1:10:22]} 10...Bc5 {[%clk
1:23:32]} 11.e5 {[%clk 1:04:48]} 11...Ng8 {[%clk 1:22:33]} 12.Be4 {[%clk
0:59:16]} 12...Nc6 {[%clk 1:21:10]} 13.Ndb5 {[%clk 0:52:27]} 13...axb5 {[%clk
1:20:28]} 14.Nxb5 {[%clk 0:52:47]} 14...Qb8 {[%clk 1:10:53]} 15.Bxc5 {[%clk
0:52:52]} 15...bxc5 {[%clk 1:11:37]} 16.Qd6 {[%clk 0:52:42]} 16...Qxd6 {[%clk
1:11:12]} 17.Nxd6+ {[%clk 0:53:05]} 17...Ke7 {[%clk 1:11:34]} 18.Nxb7 {[%clk
0:53:25]} 18...Rb8 {[%clk 1:11:46]} 19.Bxc6 {[%clk 0:52:36]} 19...dxc6 {[%clk
1:11:58]} 20.Nxc5 {[%clk 0:51:18]} 20...Rxb2 {[%clk 1:12:11]} 21.O-O {[%clk
0:51:04]} 21...Nh6 {[%clk 1:11:58]} 22.Rf2 {[%clk 0:49:41]} 22...Rxf2 {[%clk
1:12:02]} 23.Kxf2 {[%clk 0:50:00]} 23...Rd8 {[%clk 1:12:02]} 24.a4 {[%clk
0:42:17]} 24...Nf5 {[%clk 1:10:52]} 25.a5 {[%clk 0:36:28]} 25...Ra8 {[%clk
1:10:38]} 26.a6 {[%clk 0:36:49]} 26...Kd8 {[%clk 1:10:47]} 27.Rb1 {[%clk
0:37:01]} 27...Kc8 {[%clk 1:10:20]} 28.Rb6 {[%clk 0:36:41]} 28...Nd4 {[%clk
1:10:05]} 29.Ke3 {[%clk 0:36:32]} 29...Nc2+ {[%clk 1:09:50]} 30.Kd2 {[%clk
0:36:26]} 30...Nd4 {[%clk 1:07:51]} 31.Kd3 {[%clk 0:36:20]} 31...Nf5 {[%clk
1:08:00]} 32.Rxc6+ {[%clk 0:36:17]} 32...Kd8 {[%clk 1:08:15]} 33.Rb6 {[%clk
0:36:24]} 33...Kc7 {[%clk 1:07:57]} 34.Na4 {[%clk 0:35:17]} 34...Ra7 {[%clk
1:07:45]} 35.c5 {[%clk 0:34:59]} 35...Ne7 {[%clk 1:08:16]} 36.Nc3 {[%clk
0:34:55]} 36...Ra8 {[%clk 1:07:56]} 37.Rb7+ {[%clk 0:29:37]} 37...Kd8 {[%clk
1:08:04]} 38.a7 {[%clk 0:29:14]} 38...Nc6 {[%clk 1:08:11]} 39.Nb5 {[%clk
0:29:13]} 39...Nb4+ {[%clk 1:08:13]} 40.Kc4 {[%clk 0:28:44]} 40...Nc6 {[%clk
1:08:20]} 41.Rxf7 {[%clk 0:28:57]} 41...Ke8 {[%clk 1:08:02]} 42.Nd6+ {[%clk
0:29:15]} 1-0

[Event "Najdorf Memorial B"]
[Site "Warsaw POL"]
[Date "2021.07.11"]
[Round "2.3"]
[White "Jozwik, Michal"]
[Black "Warcaba, Jakub"]
[Result "1-0"]
[WhiteElo "1435"]
[BlackElo "1735"]
[EventDate "2021.07.10"]
[PlyCount "53"]
[LiveChessVersion "1.4.8"]

1.d4 {[%clk 1:30:52]} 1...Nf6 {[%clk 1:30:45]} 2.c4 {[%clk 1:31:14]} 2...e6 
{[%clk 1:30:10]} 3.Nf3 {[%clk 1:31:32]} 3...b6 {[%clk 1:30:34]} 4.Bg5 {[%clk
1:31:24]} 4...Bb7 {[%clk 1:30:03]} 5.Nc3 {[%clk 1:26:31]} 5...Bb4 {[%clk
1:29:47]} 6.Rc1 {[%clk 1:23:19]} 6...h6 {[%clk 1:26:36]} 7.Bh4 {[%clk 1:23:46]} 
7...g5 {[%clk 1:23:54]} 8.Bg3 {[%clk 1:24:06]} 8...Ne4 {[%clk 1:22:21]} 9.Nd2 
{[%clk 1:16:21]} 9...Nxc3 {[%clk 1:15:23]} 10.bxc3 {[%clk 1:16:46]} 10...Be7 
{[%clk 1:15:41]} 11.e4 {[%clk 1:17:06]} 11...d6 {[%clk 1:13:17]} 12.Bd3 {[%clk
1:04:41]} 12...Nd7 {[%clk 1:12:04]} 13.O-O {[%clk 0:59:56]} 13...e5 {[%clk
1:11:29]} 14.Qh5 {[%clk 0:50:22]} 14...Bf6 {[%clk 1:06:02]} 15.Nb3 {[%clk
0:46:53]} 15...Qe7 {[%clk 1:02:04]} 16.Rb1 {[%clk 0:37:02]} 16...Bg7 {[%clk
1:00:40]} 17.Na5 {[%clk 0:31:05]} 17...bxa5 {[%clk 0:54:36]} 18.Rxb7 {[%clk
0:31:20]} 18...Nb6 {[%clk 0:51:59]} 19.c5 {[%clk 0:25:26]} 19...dxc5 {[%clk
0:49:27]} 20.Bb5+ {[%clk 0:25:24]} 20...Kf8 {[%clk 0:49:42]} 21.dxe5 {[%clk
0:22:58]} 21...Bxe5 {[%clk 0:47:37]} 22.Bxe5 {[%clk 0:23:24]} 22...Qxe5 {[%clk
0:48:00]} 23.f4 {[%clk 0:23:43]} 23...Qe7 {[%clk 0:40:43]} 24.fxg5 {[%clk
0:22:34]} 24...Kg7 {[%clk 0:39:37]} 25.Rf6 {[%clk 0:09:57]} 25...c4 {[%clk
0:37:37]} 26.gxh6+ {[%clk 0:06:52]} 26...Kxf6 {[%clk 0:37:43]} 27.Qf5# {[%clk
0:07:16]} 1-0

[Event "Najdorf Memorial B"]
[Site "Warsaw POL"]
[Date "2021.07.11"]
[Round "2.4"]
[White "Jaskulski, Jan"]
[Black "Malowidzki, Maciej"]
[Result "0-1"]
[WhiteElo "1723"]
[BlackElo "1415"]
[EventDate "2021.07.10"]
[PlyCount "56"]
[LiveChessVersion "1.4.8"]

1.e4 {[%clk 1:30:58]} 1...c5 {[%clk 1:30:55]} 2.Nf3 {[%clk 1:31:25]} 2...e6 
{[%clk 1:31:21]} 3.d4 {[%clk 1:31:50]} 3...cxd4 {[%clk 1:31:47]} 4.Nxd4 {[%clk
1:32:16]} 4...a6 {[%clk 1:32:16]} 5.Bd3 {[%clk 1:29:29]} 5...Bc5 {[%clk
1:32:43]} 6.Nb3 {[%clk 1:26:49]} 6...Be7 {[%clk 1:33:10]} 7.O-O {[%clk 1:25:44]} 
7...d6 {[%clk 1:33:28]} 8.c4 {[%clk 1:25:40]} 8...Nf6 {[%clk 1:32:40]} 9.Nc3 
{[%clk 1:25:54]} 9...O-O {[%clk 1:32:38]} 10.Be3 {[%clk 1:25:45]} 10...Nbd7 
{[%clk 1:32:34]} 11.f3 {[%clk 1:21:49]} 11...Qc7 {[%clk 1:30:59]} 12.Nd4 {[%clk
1:15:23]} 12...b6 {[%clk 1:29:42]} 13.Qd2 {[%clk 1:15:26]} 13...Bb7 {[%clk
1:28:44]} 14.Rac1 {[%clk 1:15:49]} 14...Rfc8 {[%clk 1:27:54]} 15.b3 {[%clk
1:15:27]} 15...Qd8 {[%clk 1:27:07]} 16.Rfd1 {[%clk 1:14:58]} 16...d5 {[%clk
1:15:30]} 17.cxd5 {[%clk 1:13:50]} 17...exd5 {[%clk 1:15:50]} 18.exd5 {[%clk
1:14:02]} 18...Bb4 {[%clk 1:10:54]} 19.Nc6 {[%clk 1:12:09]} 19...Bxc6 {[%clk
1:10:52]} 20.dxc6 {[%clk 1:12:38]} 20...Rxc6 {[%clk 1:10:20]} 21.Bc4 {[%clk
1:03:18]} 21...b5 {[%clk 1:04:52]} 22.Bd5 {[%clk 1:03:14]} 22...Rd6 {[%clk
1:03:49]} 23.Qe2 {[%clk 1:03:20]} 23...Rc8 {[%clk 0:46:17]} 24.Bf4 {[%clk
1:00:11]} 24...Nxd5 {[%clk 0:46:37]} 25.Nxd5 {[%clk 0:59:40]} 25...Rxc1 {[%clk
0:45:55]} 26.Bxc1 {[%clk 0:57:31]} 26...Nb6 {[%clk 0:41:57]} 27.Ne7+ {[%clk
0:51:30]} 27...Qxe7 {[%clk 0:42:09]} 28.Qxe7 {[%clk 0:43:43]} 28...Rxd1+ {[%clk
0:42:29]} 0-1

[Event "Najdorf Memorial B"]
[Site "Warsaw POL"]
[Date "2021.07.11"]
[Round "2.5"]
[White "Lecki, Leonard"]
[Black "Panczuk, Grzegorz"]
[Result "0-1"]
[WhiteElo "1423"]
[BlackElo "1721"]
[EventDate "2021.07.10"]
[PlyCount "54"]
[LiveChessVersion "1.4.8"]

1.e4 {[%clk 1:30:56]} 1...e6 {[%clk 1:30:55]} 2.c4 {[%clk 1:31:23]} 2...c5 
{[%clk 1:29:34]} 3.Nc3 {[%clk 1:31:45]} 3...Nc6 {[%clk 1:29:49]} 4.Nf3 {[%clk
1:32:08]} 4...g6 {[%clk 1:26:48]} 5.d4 {[%clk 1:32:21]} 5...cxd4 {[%clk
1:11:46]} 6.Nxd4 {[%clk 1:32:44]} 6...a6 {[%clk 1:10:07]} 7.Bf4 {[%clk 1:30:34]} 
7...Bg7 {[%clk 1:03:00]} 8.Ndb5 {[%clk 1:29:07]} 8...axb5 {[%clk 0:49:09]} 
9.Nxb5 {[%clk 1:29:30]} 9...e5 {[%clk 0:46:59]} 10.Qd6 {[%clk 1:29:30]} 
10...Qe7 {[%clk 0:45:15]} 11.Nc7+ {[%clk 1:29:06]} 11...Kd8 {[%clk 0:45:02]} 
12.Bg5 {[%clk 1:29:09]} 12...f6 {[%clk 0:44:31]} 13.Qxe7+ {[%clk 1:28:54]} 
13...Ngxe7 {[%clk 0:41:15]} 14.Nxa8 {[%clk 1:29:14]} 14...fxg5 {[%clk 0:41:40]} 
15.h3 {[%clk 1:29:22]} 15...Nd4 {[%clk 0:35:29]} 16.O-O-O {[%clk 1:29:35]} 
16...d6 {[%clk 0:34:11]} 17.Nb6 {[%clk 1:29:44]} 17...Be6 {[%clk 0:33:25]} 
18.b3 {[%clk 1:29:57]} 18...Nec6 {[%clk 0:29:53]} 19.Bd3 {[%clk 1:30:14]} 
19...Bh6 {[%clk 0:27:46]} 20.g4 {[%clk 1:30:34]} 20...Rf8 {[%clk 0:27:19]} 
21.Rhf1 {[%clk 1:30:53]} 21...Rf3 {[%clk 0:26:10]} 22.Kd2 {[%clk 1:31:15]} 
22...Rxh3 {[%clk 0:24:00]} 23.Rh1 {[%clk 1:31:31]} 23...Bxg4 {[%clk 0:20:19]} 
24.Rdg1 {[%clk 1:31:36]} 24...Nf3+ {[%clk 0:20:36]} 25.Kc2 {[%clk 1:31:47]} 
25...Nxg1 {[%clk 0:20:32]} 26.Rxg1 {[%clk 1:32:10]} 26...Nb4+ {[%clk 0:20:56]} 
27.Kc3 {[%clk 1:32:35]} 27...Nxd3 {[%clk 0:21:20]} 0-1

[Event "Najdorf Memorial B"]
[Site "Warsaw POL"]
[Date "2021.07.11"]
[Round "2.6"]
[White "Dahche, Abdel-azziz"]
[Black "Olszewski, Antoni"]
[Result "0-1"]
[WhiteElo "1709"]
[BlackElo "1410"]
[EventDate "2021.07.10"]
[PlyCount "84"]
[LiveChessVersion "1.4.8"]

1.e4 {[%clk 1:30:48]} 1...c5 {[%clk 1:30:54]} 2.d4 {[%clk 1:30:58]} 2...cxd4 
{[%clk 1:31:10]} 3.Nf3 {[%clk 1:31:21]} 3...e6 {[%clk 1:31:21]} 4.c3 {[%clk
1:31:40]} 4...dxc3 {[%clk 1:31:27]} 5.Nxc3 {[%clk 1:32:01]} 5...Nc6 {[%clk
1:31:50]} 6.Bf4 {[%clk 1:32:14]} 6...a6 {[%clk 1:32:01]} 7.Bd3 {[%clk 1:31:50]} 
7...d6 {[%clk 1:31:27]} 8.Rc1 {[%clk 1:32:02]} 8...Nf6 {[%clk 1:31:48]} 9.O-O 
{[%clk 1:32:12]} 9...e5 {[%clk 1:31:26]} 10.Bg5 {[%clk 1:30:18]} 10...Be6 
{[%clk 1:29:37]} 11.Bxf6 {[%clk 1:27:02]} 11...Qxf6 {[%clk 1:29:04]} 12.Nd5 
{[%clk 1:26:49]} 12...Qd8 {[%clk 1:27:26]} 13.Qa4 {[%clk 1:24:13]} 13...Be7 
{[%clk 1:26:31]} 14.Nxe7 {[%clk 1:22:01]} 14...Qxe7 {[%clk 1:23:50]} 15.Bb5 
{[%clk 1:04:08]} 15...Bd7 {[%clk 1:16:41]} 16.Bxc6 {[%clk 1:03:42]} 16...Bxc6 
17.Rxc6 {[%clk 1:03:25]} 17...Qd7 {[%clk 1:14:58]} 18.Rd1 {[%clk 0:58:21]} 
18...Qxc6 {[%clk 1:11:38]} 19.Qxc6+ {[%clk 0:58:32]} 19...bxc6 {[%clk 1:11:51]} 
20.Rxd6 {[%clk 0:58:57]} 20...Ke7 {[%clk 1:11:46]} 21.Rxc6 {[%clk 0:57:48]} 
21...Rac8 {[%clk 1:11:50]} 22.Nxe5 {[%clk 0:52:57]} 22...f6 {[%clk 1:11:22]} 
23.Rxc8 {[%clk 0:53:13]} 23...Rxc8 {[%clk 1:11:38]} 24.Nd3 {[%clk 0:53:39]} 
24...Rd8 {[%clk 1:11:49]} 25.Ne1 {[%clk 0:53:56]} 25...Rd2 {[%clk 1:12:11]} 
26.b4 {[%clk 0:52:51]} 26...Rxa2 {[%clk 1:12:32]} 27.g3 {[%clk 0:51:34]} 
27...Kd6 {[%clk 1:11:57]} 28.Nd3 {[%clk 0:49:38]} 28...Kc6 {[%clk 1:11:57]} 
29.Kg2 {[%clk 0:42:28]} 29...Kb5 {[%clk 1:12:16]} 30.Kf3 {[%clk 0:38:12]} 
30...Kc4 {[%clk 1:11:10]} 31.Nf4 {[%clk 0:37:59]} 31...Kxb4 {[%clk 1:11:22]} 
32.Ke3 {[%clk 0:38:07]} 32...a5 {[%clk 1:11:27]} 33.Kd4 {[%clk 0:37:49]} 
33...Rd2+ {[%clk 1:10:32]} 34.Nd3+ {[%clk 0:37:42]} 34...Kb3 {[%clk 1:09:10]} 
35.Ke3 {[%clk 0:38:08]} 35...Rxd3+ {[%clk 1:09:13]} 36.Kxd3 {[%clk 0:38:33]} 
36...a4 {[%clk 1:09:41]} 37.f4 {[%clk 0:38:59]} 37...a3 {[%clk 1:10:08]} 38.e5 
{[%clk 0:38:56]} 38...a2 {[%clk 1:10:28]} 39.e6 {[%clk 0:39:02]} 39...a1=Q 
{[%clk 1:10:53]} 40.Ke4 {[%clk 0:39:12]} 40...Qa8+ {[%clk 1:11:08]} 41.Kf5 
{[%clk 0:39:15]} 41...Qe8 {[%clk 1:11:32]} 42.g4 {[%clk 0:39:31]} 42...Qg6# 
{[%clk 1:12:01]} 0-1

[Event "Najdorf Memorial B"]
[Site "Warsaw POL"]
[Date "2021.07.11"]
[Round "2.7"]
[White "Szymkiewicz, Witold"]
[Black "Goral, Jan"]
[Result "1/2-1/2"]
[WhiteElo "1413"]
[BlackElo "1707"]
[EventDate "2021.07.10"]
[PlyCount "139"]
[LiveChessVersion "1.4.8"]

1.e4 {[%clk 1:30:58]} 1...c5 {[%clk 1:30:50]} 2.Nf3 {[%clk 1:31:22]} 2...d6 
{[%clk 1:31:10]} 3.d4 {[%clk 1:31:42]} 3...cxd4 {[%clk 1:31:30]} 4.Nxd4 {[%clk
1:32:01]} 4...Nf6 {[%clk 1:31:48]} 5.Nc3 {[%clk 1:32:12]} 5...g6 {[%clk
1:32:10]} 6.Be3 {[%clk 1:32:27]} 6...Bg7 {[%clk 1:32:26]} 7.f3 {[%clk 1:32:44]} 
7...O-O {[%clk 1:32:42]} 8.Qd2 {[%clk 1:32:55]} 8...Nc6 {[%clk 1:32:50]} 9.Bc4 
{[%clk 1:32:28]} 9...Bd7 {[%clk 1:32:37]} 10.O-O-O {[%clk 1:32:36]} 10...Rc8 
{[%clk 1:32:39]} 11.Bb3 {[%clk 1:32:37]} 11...Ne5 {[%clk 1:32:45]} 12.h4 {[%clk
1:32:30]} 12...h5 {[%clk 1:32:37]} 13.Bh6 {[%clk 1:28:57]} 13...Rxc3 {[%clk
1:20:36]} 14.bxc3 {[%clk 1:24:05]} 14...Bxh6 {[%clk 1:19:34]} 15.Qxh6 {[%clk
1:24:17]} 15...Qa5 {[%clk 1:19:46]} 16.Qe3 {[%clk 1:21:21]} 16...Qa3+ {[%clk
1:17:09]} 17.Kd2 {[%clk 1:13:46]} 17...a5 {[%clk 1:15:11]} 18.Ke1 {[%clk
1:01:32]} 18...a4 {[%clk 1:13:34]} 19.Bd5 {[%clk 1:01:45]} 19...Nxd5 {[%clk
1:13:17]} 20.exd5 {[%clk 1:02:07]} 20...Nc4 {[%clk 1:12:58]} 21.Qe2 {[%clk
1:00:13]} 21...Qxc3+ {[%clk 1:12:36]} 22.Kf2 {[%clk 1:00:23]} 22...Ne5 {[%clk
1:09:26]} 23.Qe3 {[%clk 0:46:09]} 23...Qc5 {[%clk 1:07:29]} 24.Rhe1 {[%clk
0:29:32]} 24...Re8 {[%clk 0:57:31]} 25.Qe4 {[%clk 0:24:48]} 25...Bf5 {[%clk
0:54:33]} 26.Qe3 {[%clk 0:24:56]} 26...Rc8 {[%clk 0:44:52]} 27.Re2 {[%clk
0:23:34]} 27...Bd7 {[%clk 0:43:48]} 28.Kf1 {[%clk 0:21:43]} 28...Re8 {[%clk
0:39:26]} 29.Qg5 {[%clk 0:15:17]} 29...Kh7 {[%clk 0:31:02]} 30.Qc1 {[%clk
0:13:32]} 30...Qc4 {[%clk 0:28:24]} 31.a3 {[%clk 0:10:57]} 31...b5 {[%clk
0:27:15]} 32.Kg1 {[%clk 0:08:18]} 32...Qxd5 {[%clk 0:25:36]} 33.f4 {[%clk
0:08:16]} 33...Ng4 {[%clk 0:24:06]} 34.Ne6 {[%clk 0:08:00]} 34...Qc4 {[%clk
0:23:28]} 35.Ng5+ {[%clk 0:07:51]} 35...Kg8 {[%clk 0:23:19]} 36.Rde1 {[%clk
0:07:15]} 36...e6 {[%clk 0:22:14]} 37.Qd2 {[%clk 0:04:57]} 37...Qc5+ {[%clk
0:21:33]} 38.Kh1 {[%clk 0:05:21]} 38...Qxa3 {[%clk 0:21:31]} 39.f5 {[%clk
0:05:19]} 39...Qg3 {[%clk 0:13:47]} 40.Nf3 {[%clk 0:05:08]} 40...Nf6 {[%clk
0:11:27]} 41.fxg6 {[%clk 0:04:25]} 41...fxg6 {[%clk 0:11:39]} 42.Qd4 {[%clk
0:04:10]} 42...Ng4 {[%clk 0:09:03]} 43.Rd1 {[%clk 0:03:46]} 43...d5 {[%clk
0:08:55]} 44.Qd3 {[%clk 0:03:47]} 44...Nf6 {[%clk 0:08:23]} 45.Ne5 {[%clk
0:02:56]} 45...Qxd3 {[%clk 0:05:59]} 46.cxd3 {[%clk 0:03:00]} 46...Rc8 {[%clk
0:05:39]} 47.Nxg6 {[%clk 0:02:42]} 47...Kf7 {[%clk 0:05:15]} 48.Ne5+ {[%clk
0:02:59]} 48...Ke7 {[%clk 0:05:41]} 49.Nxd7 {[%clk 0:03:07]} 49...Nxd7 {[%clk
0:05:52]} 50.Rb2 {[%clk 0:03:24]} 50...Rc5 {[%clk 0:03:51]} 51.d4 {[%clk
0:03:08]} 51...Rc4 {[%clk 0:04:12]} 52.Rxb5 {[%clk 0:03:34]} 52...Kd6 {[%clk
0:04:20]} 53.Ra5 {[%clk 0:03:28]} 53...Ke7 {[%clk 0:02:40]} 54.Rd3 {[%clk
0:03:20]} 54...Kf6 {[%clk 0:02:39]} 55.Kh2 {[%clk 0:03:16]} 55...Nb8 {[%clk
0:02:04]} 56.Rf3+ {[%clk 0:02:35]} 56...Ke7 {[%clk 0:02:24]} 57.Ra7+ {[%clk
0:01:52]} 57...Kd6 {[%clk 0:02:36]} 58.Ra3 {[%clk 0:01:47]} 58...Nc6 {[%clk
0:02:17]} 59.R7xa4 {[%clk 0:01:55]} 59...Rxd4 {[%clk 0:02:41]} 60.Rxd4 {[%clk
0:02:05]} 60...Nxd4 {[%clk 0:03:09]} 61.g4 {[%clk 0:02:06]} 61...hxg4 {[%clk
0:03:12]} 62.Kg3 {[%clk 0:02:29]} 62...Nf5+ {[%clk 0:03:13]} 63.Kxg4 {[%clk
0:02:49]} 63...Ke5 {[%clk 0:03:39]} 64.h5 {[%clk 0:02:36]} 64...Ke4 {[%clk
0:03:57]} 65.Rh3 {[%clk 0:02:10]} 65...d4 {[%clk 0:03:25]} 66.h6 {[%clk
0:02:24]} 66...d3 {[%clk 0:03:20]} 67.Rxd3 {[%clk 0:01:30]} 67...Nxh6+ {[%clk
0:03:45]} 68.Kg5 {[%clk 0:01:47]} 68...Kxd3 {[%clk 0:03:22]} 69.Kf6 {[%clk
0:02:10]} 69...e5 {[%clk 0:03:39]} 70.Kxe5 {[%clk 0:02:33]} 1/2-1/2